| 000 | 01462namaa22003251i 4500 | ||
|---|---|---|---|
| 005 | 20260426111652.0 | ||
| 008 | 260426s1995 ua a|||frm||| 000 0 eng d | ||
| 040 |
_aEG-GICUC _beng _cEG-GICUC _dEG-GICUC _erda |
||
| 041 | 0 |
_aeng _beng _bara |
|
| 049 | _aDeposit | ||
| 097 | _aM.Sc | ||
| 099 | _aCai01.11.18.M.Sc.1995.Em.H | ||
| 100 | 0 |
_aEmad Ezzat Yousef, _epreparation. |
|
| 245 | 1 | 0 |
_aHyperinsulinemia & in individuals with a Hypertensive / _b _cBy Emad Ezzat Yousef ; Supervisors Prof. Dr. Mohammad Reda Awaden, Dr. Ali Mamdouh El- Ashmawi, Dr. Nadeda Abd - El - Hamed Gohar |
| 246 | 1 | 5 | _aارتفاع نسبة الانسولين والدهون بالدم في ابناء مرضي ارتفاع ضغط الدم |
| 264 | 0 | _c1995. | |
| 300 |
_a123 Leaves _billustrations _c30 cm. + |
||
| 336 |
_2rda content _atext |
||
| 337 |
_2rdamedia _aUnmediated |
||
| 338 |
_2rdacarrier _avolume |
||
| 502 | _aThesis (M.Sc.)-Cairo University, 1995 | ||
| 504 | _aBibliography: pages 96- 123 | ||
| 653 | 0 |
_aHyperinsulinemia _aDyslipidemia _aindividuals with a Hypertensive |
|
| 700 | 0 |
_aMohammad Reda Awaden _ethesis advisor. |
|
| 700 | 0 |
_aAli Mamdouh El- Ashmawi _ethesis advisor. |
|
| 700 | 0 |
_aNadeda Abd - El - Hamed Gohar _ethesis advisor. |
|
| 900 |
_DDepartment of internal Medicine _FFaculty of Medicine _UCairo University _b1995 _cMohammad Reda Awaden _cAli Mamdouh El- Ashmawi _cNadeda Abd - El - Hamed Gohar |
||
| 905 | _aNehad | ||
| 942 |
_2ddc _cTH _e21 _n0 |
||
| 999 | _c179717 | ||